000
00339nam a2200145Ia 4500
008
240624s9999 xx 000 0 und d
041
_a
eng
082
_a
346.07 BAL
100
_a
BALACHANDRAN V
245
_a
BUSINESS LAW
250
_a
(2nd ed.)
260
_c
2009
_a
New Delhi
_b
Tata McGraw-Hill
300
_a
304 : p.
365
_c
RS
_b
30
999
_c
20234
_d
20234